Desarrollo organizacional: transformación y administración efectiva del cambio (Registro nro. 12531)
[ vista simple ]
| 000 -CABECERA | |
|---|---|
| campo de control de longitud fija | 01051nam a22003617a 4500 |
| 005 - FECHA Y HORA DE ACTUALIZACIÓN | |
| campo de control | 20241018130648.0 |
| 008 - LONGITUD FIJA | |
| campo de control de longitud fija | 191216b xxu||||| |||| 00| 0 spa d |
| 020 ## - INTERNATIONAL STANDARD BOOK NUMBER | |
| Número Internacional Estándar del Libro | 9789701062340 |
| 041 ## - IDIOMA | |
| Código de idioma del texto/pista de sonido o título separado | |
| 082 ## - CLASIFICACIÓN DECIMAL DEWEY | |
| Número de clasificación | 658.3 F873d6 |
| 100 ## - AUTOR PERSONAL | |
| Nombre de persona | French, Wendell |
| 245 ## - TÍTULO PROPIAMENTE DICHO | |
| Título | Desarrollo organizacional: transformación y administración efectiva del cambio |
| 250 ## - EDICIÓN | |
| Mención de edición | 6 edición |
| 260 ## - PIE DE IMPRENTA | |
| Lugar de publicación, distribución, etc. | México |
| 260 ## - PIE DE IMPRENTA | |
| Nombre del editor, distribuidor, etc. | McGraw Hill |
| 260 ## - PIE DE IMPRENTA | |
| Fecha de publicación, distribución, etc. | 2007 |
| 300 ## - DESCRIPCIÓN FÍSICA | |
| Extensión | 442 páginas |
| 650 ## - Materia General | |
| Materia general | DESARROLLO ORGANIZACIONAL |
| 650 ## - Materia General | |
| Materia general | SISTEMAS HUMANOS |
| 650 ## - Materia General | |
| Materia general | TRANSFORMACIÓN ORGANIZACIONAL |
| 650 ## - Materia General | |
| Materia general | CAMBIO ORGANIZACIONAL |
| 650 ## - Materia General | |
| Materia general | MÉTODO DE INTERVENCIÓN |
| 650 ## - Materia General | |
| Materia general | PROBLEMAS INTERGRUPALES |
| 650 ## - Materia General | |
| Materia general | CULTURA ORGANIZACIONAL |
| 650 ## - Materia General | |
| Materia general | OPERACIÓN KPE |
| 650 ## - Materia General | |
| Materia general | CONFLICTOS DE PODER |
| 650 ## - Materia General | |
| Materia general | REUNIÓN DE CONFRONTACIÓN |
| 650 ## - Materia General | |
| Materia general | APRENDIZAJE PARALELO |
| 650 ## - Materia General | |
| Materia general | INVESTIGACIÓN APRECIATIVA |
| 650 ## - Materia General | |
| Materia general | INVESTIGACIÓN FUTURA |
| 650 ## - Materia General | |
| Materia general | FORTALECIMIENTO DE EQUIPOS |
| 942 ## - Punto de Acceso Adicional Koha | |
| Tipo de ítem Koha | Libro |
| Estado perdido | Fuente de clasificación o esquema de estantería | Estado dañado | No para préstamo | Biblioteca permanente | Biblioteca actual | Enumeración serial/Volumen | Signatura completa | Código de barras | Precio efectivo a partir del | Programa Académico | Tipo de ítem |
|---|---|---|---|---|---|---|---|---|---|---|---|
| Dewey Decimal Classification | Departamento de Biblioteca y Documentación Alfonso Chase Brenes | Departamento de Biblioteca y Documentación Alfonso Chase Brenes | 6 edición | 658.3 F873d6 | 24821 | 16/12/2019 | Libro |